<?xml version="1.0" encoding="UTF-8"?><?xml-stylesheet type="text/xsl" href="static/style.xsl"?><OAI-PMH xmlns="http://www.openarchives.org/OAI/2.0/" xmlns:xsi="http://www.w3.org/2001/XMLSchema-instance" xsi:schemaLocation="http://www.openarchives.org/OAI/2.0/ http://www.openarchives.org/OAI/2.0/OAI-PMH.xsd"><responseDate>2026-04-27T19:59:38Z</responseDate><request verb="GetRecord" identifier="oai:uvadoc.uva.es:10324/65268" metadataPrefix="marc">https://uvadoc.uva.es/oai/request</request><GetRecord><record><header><identifier>oai:uvadoc.uva.es:10324/65268</identifier><datestamp>2025-09-11T09:04:25Z</datestamp><setSpec>com_10324_1169</setSpec><setSpec>com_10324_931</setSpec><setSpec>com_10324_894</setSpec><setSpec>col_10324_1363</setSpec></header><metadata><record xmlns="http://www.loc.gov/MARC21/slim" xmlns:doc="http://www.lyncode.com/xoai" xmlns:xsi="http://www.w3.org/2001/XMLSchema-instance" xmlns:dcterms="http://purl.org/dc/terms/" xsi:schemaLocation="http://www.loc.gov/MARC21/slim http://www.loc.gov/standards/marcxml/schema/MARC21slim.xsd">
<leader>00925njm 22002777a 4500</leader>
<datafield tag="042" ind1=" " ind2=" ">
<subfield code="a">dc</subfield>
</datafield>
<datafield tag="720" ind1=" " ind2=" ">
<subfield code="a">García Calva, Tomás Alberto</subfield>
<subfield code="e">author</subfield>
</datafield>
<datafield tag="720" ind1=" " ind2=" ">
<subfield code="a">Moríñigo Sotelo, Daniel</subfield>
<subfield code="e">author</subfield>
</datafield>
<datafield tag="720" ind1=" " ind2=" ">
<subfield code="a">Camarena Martínez, D.</subfield>
<subfield code="e">author</subfield>
</datafield>
<datafield tag="720" ind1=" " ind2=" ">
<subfield code="a">Garcia Perez, Arturo</subfield>
<subfield code="e">author</subfield>
</datafield>
<datafield tag="720" ind1=" " ind2=" ">
<subfield code="a">Romero Troncoso, René de Jesús</subfield>
<subfield code="e">author</subfield>
</datafield>
<datafield tag="260" ind1=" " ind2=" ">
<subfield code="c">2019</subfield>
</datafield>
<datafield tag="520" ind1=" " ind2=" ">
<subfield code="a">Transient motor current signature analysis has become a mature technique for fault detection in induction motors. By using start-up transients, the whole range of slip in the machine is exploited to generate well- defined fault frequency patterns. However, in the inverter-fed motor case, the fault-patterns is always close to the supply frequency and often of low amplitude. Therefore, it is difficult to distinguish and localize the  fault-patterns. In this paper, a novel method is proposed to create a new fault-pattern; the proposed technique can concentrate the fault-harmonic in a specific frequency bandwidth and avoid the spectral&#xd;
leakage by reducing the supply frequency amplitude. The methodology has been validated through experimental tests carried out to detect broken rotor bar in an induction motor started through a voltage source inverter.</subfield>
</datafield>
<datafield tag="024" ind2=" " ind1="8">
<subfield code="a">IEEE Transactions on Energy Conversion, vol. 34, no. 3, pp. 1496-1503, Sept. 2019</subfield>
</datafield>
<datafield tag="024" ind2=" " ind1="8">
<subfield code="a">https://uvadoc.uva.es/handle/10324/65268</subfield>
</datafield>
<datafield tag="024" ind2=" " ind1="8">
<subfield code="a">10.1109/TEC.2019.2917405</subfield>
</datafield>
<datafield tag="024" ind2=" " ind1="8">
<subfield code="a">1496</subfield>
</datafield>
<datafield tag="024" ind2=" " ind1="8">
<subfield code="a">3</subfield>
</datafield>
<datafield tag="024" ind2=" " ind1="8">
<subfield code="a">1503</subfield>
</datafield>
<datafield tag="024" ind2=" " ind1="8">
<subfield code="a">IEEE Transactions on Energy Conversion</subfield>
</datafield>
<datafield tag="024" ind2=" " ind1="8">
<subfield code="a">34</subfield>
</datafield>
<datafield tag="245" ind1="0" ind2="0">
<subfield code="a">Demodulation technique for broken rotor bar detection in inverter-fed induction motor under non-stationary conditions</subfield>
</datafield>
</record></metadata></record></GetRecord></OAI-PMH>